Σκανδιναβικές Πόλεις - Κουίζ Χάρτη - Statistics

General Stats
  • This quiz has been taken 43 times
  • The average score is 8 of 12
Answers on the Map
Answers color-coded by a green-red scale on the quiz's map according to % correct below.
 
Answer Stats
Answer % Correct
Ρέικιαβικ
100%
Όσλο
94%
Στοκχόλμη
78%
Ελσίνκι
78%
Κοπεγχάγη
72%
Γκέτεμποργκ
67%
Μπέργκεν
56%
Άλμποργκ
50%
Χάμερφεστ
44%
Βίσμπυ
44%
Ουμέα
33%
Ουλού
33%
No matching quizzes found
Score Distribution
Percent of People with Each Score
Percentile by Number Answered
Your Score History
You have not taken this quiz